Statistics for Countries of the World by Emergency Phone Number (MAP)

Click here to take the quiz!

General Stats

  • This quiz has been taken 338 times
  • The average score is 138 of 196

Answers on the Map

Answers color-coded by a green-red scale on the quiz's map according to % correct below.
 

Answer Stats

Country% Correct
Armenia
100%
Honduras
100%
Iraq
100%
Kenya
100%
Antigua and Barbuda
99%
Saint Lucia
99%
Saint Vincent and the
Grenadines
99%
Solomon Islands
99%
Trinidad and Tobago
99%
Fiji
98%
El Salvador
97%
Uganda
97%
Bahamas
96%
Thailand
96%
Venezuela
96%
Argentina
95%
Barbados
95%
Belize
95%
Bolivia
95%
Botswana
95%
Canada
95%
Costa Rica
95%
Dominican Republic
95%
Ecuador
95%
Ethiopia
95%
Federated States of
Micronesia
95%
Grenada
95%
Jordan
95%
Liberia
95%
Marshall Islands
95%
Mexico
95%
Palau
95%
Panama
95%
Paraguay
95%
Peru
95%
Philippines
95%
Saint Kitts and Nevis
95%
Saudi Arabia
95%
Tonga
95%
Tuvalu
95%
United States
95%
Uruguay
95%
Ireland
91%
Lebanon
91%
Mauritius
91%
Seychelles
91%
United Kingdom
91%
Nauru
89%
Papua New Guinea
89%
Somalia
83%
Malawi
82%
Poland
82%
Sierra Leone
82%
Bahrain
81%
Bangladesh
81%
Dominica
81%
Ghana
81%
Guyana
81%
Ivory Coast
81%
Kiribati
81%
Malaysia
81%
Myanmar
81%
Qatar
81%
Samoa
81%
Singapore
81%
South Sudan
81%
Sudan
81%
Swaziland
81%
Zambia
81%
Zimbabwe
81%
New Zealand
80%
Burkina Faso
78%
Bhutan
75%
Norway
75%
Rwanda
75%
Syria
75%
Afghanistan
74%
Cyprus
74%
Moldova
74%
South Korea
74%
Albania
72%
Andorra
72%
Austria
72%
Azerbaijan
72%
Belgium
72%
Benin
72%
Bosnia and
Herzegovina
72%
Bulgaria
72%
Burundi
72%
Cameroon
72%
Croatia
72%
Czech Republic
72%
Democratic Republic
of the Congo
72%
Denmark
72%
East Timor
72%
Equatorial Guinea
72%
Estonia
72%
Finland
72%
France
72%
Georgia
72%
Germany
72%
Greece
72%
Guinea-Bissau
72%
Hungary
72%
Iceland
72%
Italy
72%
Kazakhstan
72%
Kosovo
72%
Kuwait
72%
Latvia
72%
Liechtenstein
72%
Lithuania
72%
Luxembourg
72%
Macedonia
72%
Malta
72%
Monaco
72%
Montenegro
72%
Netherlands
72%
Nigeria
72%
Portugal
72%
Romania
72%
Russia
72%
San Marino
72%
São Tomé and Príncipe
72%
Slovakia
72%
Slovenia
72%
Spain
72%
Sweden
72%
Switzerland
72%
Tajikistan
72%
Tanzania
72%
Turkey
72%
Turkmenistan
72%
Ukraine
72%
United Arab Emirates
72%
Uzbekistan
72%
Vanuatu
72%
Vatican City
72%
Australia
67%
Egypt
64%
Lesotho
64%
India
63%
Israel
63%
Nepal
63%
Mauritania
61%
China
60%
Colombia
58%
Indonesia
58%
Pakistan
57%
Guatemala
56%
Iran
56%
Guinea
55%
Jamaica
55%
Japan
55%
Maldives
55%
North Korea
55%
Sri Lanka
55%
Taiwan
55%
Morocco
54%
Djibouti
52%
Madagascar
50%
Belarus
48%
Cambodia
48%
Kyrgyzstan
48%
Mozambique
48%
Nicaragua
48%
Eritrea
46%
Mali
46%
Niger
46%
Algeria
45%
Vietnam
45%
Haiti
43%
Chad
42%
Comoros
42%
Gambia
42%
Senegal
42%
Togo
42%
Central African Republic
41%
Republic of the Congo
41%
Gabon
40%
Suriname
38%
Brunei
30%
Cape Verde
30%
Chile
29%
Cuba
27%
Laos
25%
Mongolia
25%
Yemen
20%
Brazil
17%
Tunisia
17%
Oman
16%
Angola
12%
Serbia
12%
Namibia
5%
South Africa
5%
Libya
3%

Score Distribution

Percentile by Number Answered

Percent of People with Each Score

Your Score History

You have not taken this quiz